000 00302nam a22001337a 4500
008 170131b xxu||||| |||| 00| 0 eng d
020 _a9780323045544
041 _aeng
080 _225TH
_a61
100 _a3
101 _aSHMI
245 _a2009 INTRAVENOUS MEDICATIONS
_cGAHART, B.L
942 _2udc
_cBK
999 _c4085
_d4085